书目信息 |
| 题名: |
中小企业成长中的融资瓶颈与信用突破
|
|
| 作者: | 许进 著 | |
| 分册: | ||
| 出版信息: | 北京 人民出版社 2009.01 |
|
| 页数: | 300页 | |
| 开本: | 24cm | |
| 丛书名: | ||
| 单 册: | ||
| 中图分类: | F279.243 | |
| 科图分类: | ||
| 主题词: | 中小企业--zhong xiao qi ye--融资--研究--中国 | |
| 电子资源: | ||
| ISBN: | 978-7-01-007577-8 | |
| 000 | 01020nam0 2200253 450 | |
| 001 | 012009882469 | |
| 005 | 20090621103408.96 | |
| 010 | @a978-7-01-007577-8@dCNY38.00 | |
| 100 | @a20090621d2009 em y0chiy0120 ea | |
| 101 | 0 | @achi |
| 102 | @aCN@b110000 | |
| 105 | @aak a 000yy | |
| 106 | @ar | |
| 200 | 1 | @a中小企业成长中的融资瓶颈与信用突破@Azhong xiao qi ye cheng zhang zhong de rong zi ping jing yu xin yong tu po@f许进著@Fxu jin zhu |
| 210 | @a北京@c人民出版社@d2009.01 | |
| 215 | @a300页@c图@d24cm | |
| 300 | @a教育部人文社会科学“基于社会信用体系的企业管理创新及其机制研究”项目成果(批准号07JC630066) | |
| 320 | @a有书目 (第291-300页) | |
| 330 | @a本书内容分为理论篇、实践篇、建议篇三部分。阐释了扶持中小企业发展的原因,以及中小企业不同成长阶段所面临的融资难问题,并在理论分析框架下分析了我国中小企业融资难现状。 | |
| 606 | 0 | @a中小企业@Azhong xiao qi ye@x融资@x研究@y中国 |
| 690 | @aF279.243@v4 | |
| 701 | 0 | @a许进@Axu jin@4著 |
| 801 | 0 | @aCN@bQSSK@c20090621 |
| 905 | @b745279-81@dF279.243@eX875@f3 | |
| 中小企业成长中的融资瓶颈与信用突破/许进著.-北京:人民出版社,2009.01 |
| 300页:图;24cm |
| 教育部人文社会科学“基于社会信用体系的企业管理创新及其机制研究”项目成果(批准号07JC630066) |
| ISBN 978-7-01-007577-8:CNY38.00 |
| 本书内容分为理论篇、实践篇、建议篇三部分。阐释了扶持中小企业发展的原因,以及中小企业不同成长阶段所面临的融资难问题,并在理论分析框架下分析了我国中小企业融资难现状。 |
| ● |
| 相关链接 |
|
|
|
正题名:中小企业成长中的融资瓶颈与信用突破
索取号:F279.243/X875
 
预约/预借
| 序号 | 登录号 | 条形码 | 馆藏地/架位号 | 状态 | 备注 |
| 1 | 745279 | 207452790 | 社科库409/409社科库 101排1列1层/ [索取号:F279.243/X875] | 在馆 | |
| 2 | 745280 | 207452807 | 社科库409/409社科库 101排1列1层/ [索取号:F279.243/X875] | 在馆 | |
| 3 | 745281 | 207452816 | 社科库409/409社科库 101排1列1层/ [索取号:F279.243/X875] | 在馆 |